[Event "DVM U14w 2020"]
[Site "Willingen GER"]
[Date "2021.06.25"]
[Round "3"]
[White "Frowein, Katja"]
[Black "Modali, Nikhilamrutha"]
[Result "1-0"]
[Termination "normal"]
[Board "5.2"]
[WhiteElo "1388"]
[BlackElo "1205"]
[WhiteClock "01:16:15"]
[BlackClock "00:43:50"]
[WhiteTeam "SC Garching 1980 e.V."]
[BlackTeam "Hamburger SK von 1830"]
[PlyCount "57"]
[WhiteFideId "16282949"]
[BlackFideId "16282370"]
[EventCountry "GER"]
[EventRounds "7"]
[EventType "team-swiss"]
[EventDate "2021.06.23"]

1. e4 {[%clk 1:30:58]} 1... c6 {[%clk 1:30:55]} 2. d4 {[%clk 1:31:23]} 2... d5
{[%clk 1:31:20]} 3. exd5 {[%clk 1:31:46]} 3... cxd5 {[%clk 1:31:44]} 4. Bd3 {
[%clk 1:32:09]} 4... Nf6 {[%clk 1:31:22]} 5. h3 {[%clk 1:32:27]} 5... e6 {
[%clk 1:30:44]} 6. Nf3 {[%clk 1:32:37]} 6... Bd6 {[%clk 1:30:52]} 7. O-O {
[%clk 1:32:41]} 7... Nc6 {[%clk 1:30:31]} 8. c3 {[%clk 1:32:53]} 8... e5 {
[%clk 1:28:36]} 9. dxe5 {[%clk 1:31:55]} 9... Nxe5 {[%clk 1:28:21]} 10. Re1 {
[%clk 1:31:55]} 10... Qc7 {[%clk 1:25:41]} 11. Bf4 {[%clk 1:31:13]} 11... Nfd7
{[%clk 1:24:08]} 12. Bxe5 {[%clk 1:29:40]} 12... Nxe5 {[%clk 1:20:18]} 13. Nxe5
{[%clk 1:28:20]} 13... Bxe5 {[%clk 1:20:39]} 14. f4 {[%clk 1:28:05]} 14... O-O
{[%clk 1:16:59]} 15. Rxe5 {[%clk 1:26:27]} 15... Qb6+ {[%clk 1:13:31]} 16. Kh1
{[%clk 1:26:41]} 16... Qxb2 {[%clk 1:10:39]} 17. Qc2 {[%clk 1:20:28]} 17...
Qxc2 {[%clk 1:05:04]} 18. Bxc2 {[%clk 1:20:42]} 18... Rd8 {[%clk 1:02:09]} 19.
Nd2 {[%clk 1:20:29]} 19... b6 {[%clk 1:00:05]} 20. Rae1 {[%clk 1:20:07]} 20...
Bb7 {[%clk 0:56:11]} 21. Ba4 {[%clk 1:19:53]} 21... h6 {[%clk 0:53:05]} 22. Re7
{[%clk 1:18:56]} 22... Rab8 {[%clk 0:50:06]} 23. Be8 {[%clk 1:17:08]} 23... f6
{[%clk 0:46:07]} 24. Bg6 {[%clk 1:16:19]} 24... Kf8 {[%clk 0:45:13]} 25. Rf7+ {
[%clk 1:16:04]} 25... Kg8 {[%clk 0:45:09]} 26. Ree7 {[%clk 1:16:11]} 26... d4 {
[%clk 0:43:24]} 27. Rxg7+ {[%clk 1:15:43]} 27... Kf8 {[%clk 0:43:34]} 28. Ref7+
{[%clk 1:15:54]} 28... Ke8 {[%clk 0:43:50]} 29. Rxf6# {[%clk 1:16:15]} 1-0

[Event "DVM U14w 2020"]
[Site "Willingen GER"]
[Date "2021.06.25"]
[Round "3"]
[White "Wu, Yvonne Yihan"]
[Black "Muhina, Liana"]
[Result "1/2-1/2"]
[Termination "normal"]
[Board "5.3"]
[WhiteElo "1123"]
[BlackElo "1273"]
[WhiteClock "00:18:50"]
[BlackClock "00:21:56"]
[WhiteTeam "Hamburger SK von 1830"]
[BlackTeam "SC Garching 1980 e.V."]
[PlyCount "40"]
[WhiteFideId "16298330"]
[BlackFideId "16266145"]
[EventCountry "GER"]
[EventRounds "7"]
[EventType "team-swiss"]
[EventDate "2021.06.23"]

1. e4 {[%clk 1:30:58]} 1... d5 {[%clk 1:30:50]} 2. exd5 {[%clk 1:31:16]} 2...
Qxd5 {[%clk 1:31:07]} 3. Nc3 {[%clk 1:31:38]} 3... Qa5 {[%clk 1:31:13]} 4. d4 {
[%clk 1:31:43]} 4... Nf6 {[%clk 1:31:19]} 5. Nf3 {[%clk 1:31:07]} 5... Bg4 {
[%clk 1:31:00]} 6. h3 {[%clk 1:31:16]} 6... Bh5 {[%clk 1:30:31]} 7. g4 { [%clk
1:30:46]} 7... Bg6 {[%clk 1:30:22]} 8. Bc4 {[%clk 1:28:16]} 8... e6 { [%clk
1:24:24]} 9. Bd2 {[%clk 1:26:09]} 9... c6 {[%clk 1:16:59]} 10. Qe2 { [%clk
1:21:50]} 10... Qd8 {[%clk 1:10:24]} 11. O-O-O {[%clk 1:14:33]} 11... Be7
{[%clk 1:00:36]} 12. Bg5 {[%clk 1:01:11]} 12... Nbd7 {[%clk 0:51:40]} 13. Ne5 {
[%clk 0:56:15]} 13... Qc7 {[%clk 0:48:08]} 14. Nxg6 {[%clk 0:39:37]} 14... hxg6
{[%clk 0:47:41]} 15. h4 {[%clk 0:35:23]} 15... O-O-O {[%clk 0:37:58]} 16. Rd3 {
[%clk 0:28:02]} 16... Nb6 {[%clk 0:29:39]} 17. Bb3 {[%clk 0:24:45]} 17... Nbd5
{[%clk 0:23:11]} 18. Nxd5 {[%clk 0:19:27]} 18... Nxd5 {[%clk 0:23:03]} 19. Bxe7
{[%clk 0:19:27]} 19... Qxe7 {[%clk 0:22:16]} 20. Bxd5 {[%clk 0:18:50]} 20...
Rxd5 {[%clk 0:21:56]} 1/2-1/2

[Event "DVM U14w 2020"]
[Site "Willingen GER"]
[Date "2021.06.25"]
[Round "3"]
[White "Muhina, Alina"]
[Black "Krasikova, Milana"]
[Result "1-0"]
[Termination "normal"]
[Board "5.4"]
[WhiteElo "1343"]
[BlackElo "1077"]
[WhiteClock "00:47:32"]
[BlackClock "00:09:33"]
[WhiteTeam "SC Garching 1980 e.V."]
[BlackTeam "Hamburger SK von 1830"]
[PlyCount "71"]
[WhiteFideId "16298322"]
[BlackFideId "16287347"]
[EventCountry "GER"]
[EventRounds "7"]
[EventType "team-swiss"]
[EventDate "2021.06.23"]

1. e4 {[%clk 1:30:58]} 1... e5 {[%clk 1:30:56]} 2. Nf3 {[%clk 1:31:25]} 2...
Nc6 {[%clk 1:31:19]} 3. d4 {[%clk 1:31:52]} 3... exd4 {[%clk 1:31:40]} 4. Nxd4
{[%clk 1:32:18]} 4... Nf6 {[%clk 1:32:04]} 5. Nxc6 {[%clk 1:32:40]} 5... bxc6 {
[%clk 1:32:26]} 6. e5 {[%clk 1:33:05]} 6... Qe7 {[%clk 1:32:48]} 7. Qe2 { [%clk
1:33:10]} 7... Nd5 {[%clk 1:33:02]} 8. c4 {[%clk 1:33:27]} 8... Ba6 { [%clk
1:32:47]} 9. b3 {[%clk 1:32:16]} 9... Nb6 {[%clk 1:30:16]} 10. Ba3 { [%clk
1:31:19]} 10... Qe6 {[%clk 1:20:40]} 11. Bxf8 {[%clk 1:31:00]} 11... Rxf8
{[%clk 1:20:49]} 12. g3 {[%clk 1:30:23]} 12... O-O-O {[%clk 1:20:31]} 13. Bg2 {
[%clk 1:30:37]} 13... Kb8 {[%clk 1:16:06]} 14. Nd2 {[%clk 1:29:48]} 14... Rfe8
{[%clk 1:12:03]} 15. O-O {[%clk 1:24:53]} 15... f6 {[%clk 1:12:00]} 16. a4 {
[%clk 1:22:56]} 16... fxe5 {[%clk 1:02:08]} 17. a5 {[%clk 1:22:28]} 17... Nd5 {
[%clk 0:58:47]} 18. Ne4 {[%clk 1:16:28]} 18... d6 {[%clk 0:56:11]} 19. Qd2 {
[%clk 1:14:37]} 19... Nf6 {[%clk 0:47:34]} 20. Nxf6 {[%clk 1:14:52]} 20... gxf6
{[%clk 0:45:27]} 21. Bxc6 {[%clk 1:14:57]} 21... Rf8 {[%clk 0:43:33]} 22. Qb4+
{[%clk 1:10:23]} 22... Kc8 {[%clk 0:43:13]} 23. Rfd1 {[%clk 1:04:09]} 23... Rh8
{[%clk 0:35:47]} 24. Rd5 {[%clk 1:04:12]} 24... Rdf8 {[%clk 0:35:31]} 25. Rb5 {
[%clk 1:04:01]} 25... Bxb5 {[%clk 0:34:59]} 26. Qxb5 {[%clk 1:04:08]} 26... Kd8
{[%clk 0:33:48]} 27. Qb7 {[%clk 1:02:32]} 27... Qc8 {[%clk 0:26:19]} 28. Qxa7 {
[%clk 1:02:29]} 28... Ke7 {[%clk 0:25:13]} 29. Bd5 {[%clk 1:02:48]} 29... Qb8 {
[%clk 0:22:57]} 30. Qe3 {[%clk 1:01:21]} 30... Qc8 {[%clk 0:12:02]} 31. c5 {
[%clk 0:56:38]} 31... Qd7 {[%clk 0:11:24]} 32. c6 {[%clk 0:47:44]} 32... Qd8 {
[%clk 0:10:52]} 33. Qa7 {[%clk 0:47:09]} 33... Qb8 {[%clk 0:11:10]} 34. Qb7 {
[%clk 0:47:25]} 34... Qa8 {[%clk 0:09:35]} 35. Qxc7+ {[%clk 0:47:32]} 35... Ke8
{[%clk 0:09:33]} 36. Qd7# 1-0

[Event "DVM U14w 2020"]
[Site "Willingen GER"]
[Date "2021.06.25"]
[Round "3"]
[White "Stepanjan, Marianne"]
[Black "Moldovan, Tatiana"]
[Result "1-0"]
[Termination "normal"]
[Board "6.1"]
[WhiteElo "1383"]
[BlackElo "1430"]
[WhiteClock "00:09:19"]
[BlackClock "00:52:11"]
[WhiteTeam "TuRa Harksheide von 1945 Norderstedt"]
[BlackTeam "SG Königskinder Hohentübingen e.V."]
[PlyCount "219"]
[WhiteFideId "16246110"]
[BlackFideId "16287398"]
[EventCountry "GER"]
[EventRounds "7"]
[EventType "team-swiss"]
[EventDate "2021.06.23"]

1. e4 {[%clk 1:30:56]} 1... c5 {[%clk 1:23:27]} 2. Nf3 {[%clk 1:31:19]} 2... a6
{[%clk 1:23:46]} 3. d4 {[%clk 1:31:44]} 3... cxd4 {[%clk 1:24:07]} 4. Nxd4 {
[%clk 1:32:09]} 4... Nf6 {[%clk 1:24:08]} 5. Nc3 {[%clk 1:32:31]} 5... e5 {
[%clk 1:24:23]} 6. Nb3 {[%clk 1:27:09]} 6... Bb4 {[%clk 1:24:31]} 7. Qd3 {
[%clk 1:23:29]} 7... d6 {[%clk 1:24:30]} 8. Bd2 {[%clk 1:23:29]} 8... Be6 {
[%clk 1:22:39]} 9. O-O-O {[%clk 1:18:24]} 9... Nc6 {[%clk 1:22:02]} 10. a3 {
[%clk 1:17:56]} 10... Bxb3 {[%clk 1:21:54]} 11. cxb3 {[%clk 1:18:07]} 11... Bc5
{[%clk 1:21:13]} 12. Qg3 {[%clk 1:06:59]} 12... h5 {[%clk 1:14:15]} 13. Bg5 {
[%clk 0:56:32]} 13... Qb6 {[%clk 1:11:26]} 14. Bc4 {[%clk 0:50:26]} 14... Ng4 {
[%clk 1:08:54]} 15. Nd5 {[%clk 0:38:50]} 15... Qa7 {[%clk 1:03:38]} 16. Qf3 {
[%clk 0:28:48]} 16... f6 {[%clk 1:03:39]} 17. Bh4 {[%clk 0:25:33]} 17... O-O-O
{[%clk 1:03:32]} 18. Qf5+ {[%clk 0:21:54]} 18... Kb8 {[%clk 1:03:32]} 19. Rd2 {
[%clk 0:20:45]} 19... Rh6 {[%clk 1:03:07]} 20. h3 {[%clk 0:18:54]} 20... Nxf2 {
[%clk 1:00:37]} 21. Bxf2 {[%clk 0:18:59]} 21... Bxf2 {[%clk 1:00:49]} 22. Qxf2
{[%clk 0:19:22]} 22... Nd4 {[%clk 1:00:50]} 23. Qf1 {[%clk 0:18:32]} 23... b5 {
[%clk 1:00:44]} 24. Rxd4 {[%clk 0:12:27]} 24... Qxd4 {[%clk 0:58:42]} 25. Bd3 {
[%clk 0:12:36]} 25... Rc8+ {[%clk 0:58:25]} 26. Kb1 {[%clk 0:12:53]} 26... Rhh8
{[%clk 0:57:15]} 27. Qe2 {[%clk 0:12:59]} 27... Rhe8 {[%clk 0:55:24]} 28. Qe3 {
[%clk 0:11:43]} 28... Qxe3 {[%clk 0:55:21]} 29. Nxe3 {[%clk 0:12:09]} 29... Kb7
{[%clk 0:54:45]} 30. Nf5 {[%clk 0:12:18]} 30... Rcd8 {[%clk 0:54:00]} 31. Ne3 {
[%clk 0:12:05]} 31... Rc8 {[%clk 0:51:10]} 32. g4 {[%clk 0:11:43]} 32... hxg4 {
[%clk 0:51:16]} 33. Nxg4 {[%clk 0:11:32]} 33... Rh8 {[%clk 0:50:10]} 34. h4 {
[%clk 0:10:16]} 34... Rh7 {[%clk 0:49:49]} 35. h5 {[%clk 0:09:11]} 35... Rf8 {
[%clk 0:48:42]} 36. Rh2 {[%clk 0:08:36]} 36... Kb6 {[%clk 0:47:49]} 37. b4 {
[%clk 0:07:29]} 37... g6 {[%clk 0:44:45]} 38. h6 {[%clk 0:04:38]} 38... f5 {
[%clk 0:44:35]} 39. exf5 39... gxf5 {[%clk 0:45:04]} 40. Rf2 {[%clk 0:05:14]}
40... e4 {[%clk 0:45:22]} 41. Bxe4 {[%clk 0:05:33]} 41... Rhf7 {[%clk 0:44:31]}
42. Bd5 {[%clk 0:04:57]} 42... Rh7 {[%clk 0:43:15]} 43. Be6 {[%clk 0:04:03]}
43... f4 {[%clk 0:43:38]} 44. Rf3 {[%clk 0:03:42]} 44... Kc6 {[%clk 0:40:12]}
45. Rc3+ {[%clk 0:01:17]} 45... Kb6 {[%clk 0:39:58]} 46. Bd5 {[%clk 0:01:16]}
46... Ka7 {[%clk 0:37:02]} 47. Rc6 {[%clk 0:28:02]} 47... f3 {[%clk 1:02:28]}
48. Rc2 {[%clk 0:25:09]} 48... f2 {[%clk 1:02:22]} 49. Rxf2 {[%clk 0:18:26]}
49... Rxf2 {[%clk 1:02:27]} 50. Nxf2 {[%clk 0:18:52]} 50... Rxh6 { [%clk
1:02:52]} 51. Ng4 {[%clk 0:17:35]} 51... Rg6 {[%clk 1:01:53]} 52. Ne3 { [%clk
0:16:37]} 52... Rf6 {[%clk 1:01:15]} 53. Kc2 {[%clk 0:14:58]} 53... Kb6 { [%clk
1:00:44]} 54. Be4 {[%clk 0:14:26]} 54... Re6 {[%clk 0:58:48]} 55. Nd5+ { [%clk
0:14:21]} 55... Kc6 {[%clk 0:58:48]} 56. Bf3 {[%clk 0:14:18]} 56... Re5 { [%clk
0:58:15]} 57. Nf6+ {[%clk 0:13:51]} 57... Kc7 {[%clk 0:57:17]} 58. Nd5+ { [%clk
0:13:51]} 58... Kc6 {[%clk 0:56:30]} 59. Ne7+ {[%clk 0:11:44]} 59... Kd7 {[%clk
0:54:47]} 60. Nc6 {[%clk 0:11:54]} 60... Re8 {[%clk 0:53:24]} 61. Na7 { [%clk
0:09:52]} 61... Rf8 {[%clk 0:52:58]} 62. Bb7 {[%clk 0:09:14]} 62... Rh8 { [%clk
0:51:41]} 63. Bxa6 {[%clk 0:09:11]} 63... Kc7 {[%clk 0:51:02]} 64. Nxb5+ {[%clk
0:07:59]} 64... Kb6 {[%clk 0:50:56]} 65. Nxd6 {[%clk 0:08:06]} 65... Kxa6
{[%clk 0:51:14]} 66. a4 {[%clk 0:08:06]} 66... Rh4 {[%clk 0:51:00]} 67. Kb3
{[%clk 0:07:56]} 67... Rh3+ {[%clk 0:51:24]} 68. Ka2 {[%clk 0:07:24]} 68... Rh4
{[%clk 0:51:40]} 69. Ka3 {[%clk 0:07:42]} 69... Rh3+ {[%clk 0:51:50]} 70. b3
{[%clk 0:08:06]} 70... Rh6 {[%clk 0:52:08]} 71. b5+ {[%clk 0:08:14]} 71... Kb6
{[%clk 0:51:49]} 72. Nc4+ {[%clk 0:08:40]} 72... Kb7 {[%clk 0:51:48]} 73. a5
{[%clk 0:08:57]} 73... Rh5 {[%clk 0:51:31]} 74. a6+ {[%clk 0:09:06]} 74... Ka7
{[%clk 0:51:48]} 75. Ka4 {[%clk 0:09:23]} 75... Rh1 {[%clk 0:51:54]} 76. Kb4
{[%clk 0:09:37]} 76... Rg1 {[%clk 0:52:06]} 77. Na3 {[%clk 0:09:36]} 77... Ra1
{[%clk 0:52:13]} 78. Nc4 {[%clk 0:09:47]} 78... Rh1 {[%clk 0:52:34]} 79. Nb2
{[%clk 0:09:15]} 79... Rh3 {[%clk 0:51:39]} 80. Na4 {[%clk 0:08:48]} 80... Rg3
{[%clk 0:51:32]} 81. Nc5 {[%clk 0:08:04]} 81... Rg1 {[%clk 0:51:48]} 82. Ka5
{[%clk 0:08:08]} 82... Ra1+ {[%clk 0:51:11]} 83. Na4 {[%clk 0:08:34]} 83... Rb1
{[%clk 0:51:15]} 84. b4 {[%clk 0:07:34]} 84... Rh1 {[%clk 0:51:10]} 85. b6+
{[%clk 0:07:59]} 85... Ka8 {[%clk 0:51:18]} 86. b5 {[%clk 0:06:09]} 86... Rh5 {
[%clk 0:47:21]} 87. Nc3 {[%clk 0:05:01]} 87... Re5 {[%clk 0:47:20]} 88. Nd1 {
[%clk 0:05:03]} 88... Rg5 {[%clk 0:47:10]} 89. Ne3 {[%clk 0:05:16]} 89... Kb8 {
[%clk 0:46:27]} 90. Nc4 {[%clk 0:05:29]} 90... Rd5 {[%clk 0:46:46]} 91. a7+ {
[%clk 0:05:29]} 91... Kb7 {[%clk 0:46:53]} 92. Kb4 {[%clk 0:05:20]} 92... Rd1 {
[%clk 0:46:51]} 93. Kc5 {[%clk 0:04:43]} 93... Rc1 {[%clk 0:47:17]} 94. Kb4 {
[%clk 0:04:18]} 94... Rxc4+ {[%clk 0:47:38]} 95. Kxc4 {[%clk 0:04:37]} 95...
Ka8 {[%clk 0:47:59]} 96. Kd5 {[%clk 0:04:22]} 96... Kb7 {[%clk 0:48:24]} 97.
a8=Q+ {[%clk 0:04:35]} 97... Kxa8 {[%clk 0:48:50]} 98. Kc6 {[%clk 0:04:57]}
98... Kb8 {[%clk 0:48:50]} 99. b7 {[%clk 0:05:21]} 99... Ka7 {[%clk 0:49:02]}
100. b8=Q+ 100... Kxb8 {[%clk 0:49:22]} 101. Kb6 {[%clk 0:06:01]} 101... Ka8 {
[%clk 0:49:33]} 102. Kc7 {[%clk 0:06:27]} 102... Ka7 {[%clk 0:49:45]} 103. b6+
{[%clk 0:06:53]} 103... Ka6 {[%clk 0:50:06]} 104. b7 {[%clk 0:07:19]} 104...
Ka5 {[%clk 0:50:19]} 105. b8=Q {[%clk 0:07:39]} 105... Ka4 {[%clk 0:50:42]}
106. Kc6 {[%clk 0:08:04]} 106... Ka3 {[%clk 0:50:54]} 107. Kc5 {[%clk 0:08:27]}
107... Ka2 {[%clk 0:51:18]} 108. Kc4 {[%clk 0:08:53]} 108... Ka1 { [%clk
0:51:45]} 109. Kc3 {[%clk 0:09:19]} 109... Ka2 {[%clk 0:52:11]} 110. Qb2# 1-0

[Event "DVM U14w 2020"]
[Site "Willingen GER"]
[Date "2021.06.25"]
[Round "3"]
[White "Moldovan, Stela"]
[Black "Foos, Vanessa"]
[Result "0-1"]
[Termination "normal"]
[Board "6.2"]
[WhiteElo "1336"]
[BlackElo "1380"]
[WhiteClock "00:59:26"]
[BlackClock "00:08:10"]
[WhiteTeam "SG Königskinder Hohentübingen e.V."]
[BlackTeam "TuRa Harksheide von 1945 Norderstedt"]
[PlyCount "158"]
[WhiteFideId "16287380"]
[BlackFideId "16245270"]
[EventCountry "GER"]
[EventRounds "7"]
[EventType "team-swiss"]
[EventDate "2021.06.23"]

1. d4 {[%clk 1:30:51]} 1... d5 {[%clk 1:30:49]} 2. Nf3 {[%clk 1:30:47]} 2...
Nf6 {[%clk 1:30:24]} 3. e3 {[%clk 1:30:35]} 3... Bf5 {[%clk 1:30:35]} 4. Nbd2 {
[%clk 1:30:39]} 4... e6 {[%clk 1:30:31]} 5. c4 {[%clk 1:30:10]} 5... Be7 {
[%clk 1:29:15]} 6. b3 {[%clk 1:28:21]} 6... Nc6 {[%clk 1:28:58]} 7. Bb2 { [%clk
1:23:07]} 7... Nb4 {[%clk 1:25:32]} 8. Rc1 {[%clk 1:20:13]} 8... Nxa2 { [%clk
1:24:56]} 9. Ra1 {[%clk 1:20:29]} 9... Nb4 {[%clk 1:25:15]} 10. Rc1 { [%clk
1:20:52]} 10... O-O {[%clk 1:22:20]} 11. Ne5 {[%clk 1:20:36]} 11... Nc6 { [%clk
1:13:43]} 12. Be2 {[%clk 1:20:25]} 12... Nxe5 {[%clk 1:00:40]} 13. dxe5 { [%clk
1:19:46]} 13... Ne4 {[%clk 1:00:27]} 14. O-O {[%clk 1:18:33]} 14... Nxd2 {[%clk
0:56:55]} 15. Qxd2 {[%clk 1:18:16]} 15... dxc4 {[%clk 0:56:51]} 16. Qc3 {[%clk
1:18:26]} 16... c6 {[%clk 0:55:11]} 17. Qxc4 {[%clk 1:16:44]} 17... Qb6 {[%clk
0:49:58]} 18. Bd4 {[%clk 1:14:23]} 18... Qb4 {[%clk 0:49:47]} 19. f4 { [%clk
1:12:09]} 19... Qxc4 {[%clk 0:47:41]} 20. Rxc4 {[%clk 1:11:54]} 20... Be4
{[%clk 0:37:23]} 21. Bxa7 {[%clk 1:09:15]} 21... Bd5 {[%clk 0:35:21]} 22. Ra4 {
[%clk 1:07:31]} 22... Bxb3 {[%clk 0:35:36]} 23. Raa1 {[%clk 1:07:46]} 23... b5
{[%clk 0:35:08]} 24. Rfb1 {[%clk 1:01:20]} 24... Ba4 {[%clk 0:32:28]} 25. Bb6 {
[%clk 1:00:17]} 25... Bc2 {[%clk 0:18:10]} 26. Rxa8 {[%clk 0:58:48]} 26... Rxa8
{[%clk 0:17:22]} 27. Rc1 {[%clk 0:58:41]} 27... Ra6 {[%clk 0:13:45]} 28. Bc7 {
[%clk 0:58:47]} 28... Be4 {[%clk 0:09:03]} 29. Bd6 {[%clk 0:58:09]} 29... Kf8 {
[%clk 0:08:18]} 30. Bxb5 {[%clk 0:57:25]} 30... Rb6 {[%clk 0:07:58]} 31. Be2 {
[%clk 0:55:18]} 31... Rb1 {[%clk 0:07:50]} 32. Rxb1 {[%clk 0:52:27]} 32... Bxb1
{[%clk 0:07:57]} 33. Bxe7+ {[%clk 0:52:25]} 33... Kxe7 {[%clk 0:08:23]} 34. Kf2
{[%clk 0:52:34]} 34... Kd7 {[%clk 0:08:12]} 35. Bf3 {[%clk 0:52:49]} 35... Kc7
{[%clk 0:08:16]} 36. Ke2 {[%clk 0:52:52]} 36... c5 {[%clk 0:08:06]} 37. Kd2 {
[%clk 0:52:56]} 37... Kb6 {[%clk 0:08:08]} 38. Kc3 {[%clk 0:53:14]} 38... Ba2 {
[%clk 0:04:08]} 39. g4 {[%clk 0:53:12]} 39... f5 {[%clk 0:02:12]} 40. gxf5 {
[%clk 0:51:07]} 40... exf5 {[%clk 0:02:40]} 41. Bd1 {[%clk 0:50:15]} 41... Kc6
{[%clk 0:01:18]} 42. Bf3+ {[%clk 0:48:14]} 42... Bd5 {[%clk 0:01:03]} 43. Be2 {
[%clk 0:47:53]} 43... h6 {[%clk 0:28:34]} 44. h4 {[%clk 1:17:41]} 44... g6 {
[%clk 0:28:15]} 45. h5 {[%clk 1:16:08]} 45... gxh5 {[%clk 0:28:35]} 46. Bxh5 {
[%clk 1:16:29]} 46... Be6 {[%clk 0:28:40]} 47. Bg6 {[%clk 1:13:26]} 47... Kd5 {
[%clk 0:28:34]} 48. Be8 {[%clk 1:12:18]} 48... Ke4 {[%clk 0:24:17]} 49. Kd2 {
[%clk 1:12:24]} 49... Kf3 {[%clk 0:19:34]} 50. Bg6 {[%clk 1:10:08]} 50... c4 {
[%clk 0:19:30]} 51. Be8 {[%clk 1:06:32]} 51... c3+ {[%clk 0:18:41]} 52. Kxc3 {
[%clk 1:06:41]} 52... Kxe3 {[%clk 0:19:06]} 53. Bg6 {[%clk 1:06:36]} 53... Kxf4
{[%clk 0:18:34]} 54. Kd3 {[%clk 1:07:04]} 54... Kxe5 {[%clk 0:18:36]} 55. Ke3 {
[%clk 1:06:42]} 55... Bd5 {[%clk 0:17:59]} 56. Kf2 {[%clk 1:06:56]} 56... Kf4 {
[%clk 0:18:04]} 57. Be8 {[%clk 1:06:39]} 57... Kg4 {[%clk 0:16:13]} 58. Bg6 {
[%clk 1:06:24]} 58... f4 {[%clk 0:13:35]} 59. Be8 {[%clk 1:06:23]} 59... h5 {
[%clk 0:10:54]} 60. Bd7+ {[%clk 1:05:59]} 60... Kg5 {[%clk 0:11:18]} 61. Bc8 {
[%clk 1:05:46]} 61... Be4 {[%clk 0:09:58]} 62. Bd7 {[%clk 1:05:59]} 62... Kf6 {
[%clk 0:09:42]} 63. Bb5 {[%clk 1:04:03]} 63... h4 {[%clk 0:09:51]} 64. Bf1 {
[%clk 1:04:12]} 64... Bf5 {[%clk 0:09:34]} 65. Kg2 {[%clk 1:04:04]} 65... Kg5 {
[%clk 0:08:20]} 66. Kh2 {[%clk 1:01:32]} 66... f3 {[%clk 0:08:24]} 67. Kg1 {
[%clk 1:01:42]} 67... Kf4 {[%clk 0:08:06]} 68. Ba6 {[%clk 0:59:21]} 68... Kg3 {
[%clk 0:07:49]} 69. Bc4 {[%clk 0:57:56]} 69... Be4 {[%clk 0:07:00]} 70. Ba6 {
[%clk 0:56:55]} 70... f2+ {[%clk 0:07:06]} 71. Kf1 {[%clk 0:57:18]} 71... Bg2+
{[%clk 0:07:16]} 72. Ke2 {[%clk 0:57:35]} 72... f1=Q+ {[%clk 0:07:28]} 73. Ke3
{[%clk 0:57:14]} 73... Qxa6 {[%clk 0:07:53]} 74. Kd4 {[%clk 0:57:36]} 74... h3
{[%clk 0:07:54]} 75. Ke5 {[%clk 0:57:56]} 75... h2 {[%clk 0:07:55]} 76. Kd4 {
[%clk 0:58:22]} 76... h1=Q {[%clk 0:08:14]} 77. Kc3 {[%clk 0:58:45]} 77... Qc6+
{[%clk 0:08:01]} 78. Kb2 {[%clk 0:59:05]} 78... Qhc1+ {[%clk 0:08:15]} 79. Ka2
{[%clk 0:59:26]} 79... Q6c2# {[%clk 0:08:10]} 0-1